Guess the Taylor Swift mv by the picture! 2 - Statistics

General Stats
  • This quiz has been taken 43 times
  • The average score is 14 of 20
Answer Stats
Picture Answer % Correct
ME
97%
anti hero
95%
blank space
95%
shake it off
95%
bejeweled
92%
fortnight
89%
mean
76%
we are never ever getting back together
76%
picture to burn
73%
I can see you
70%
i knew you were trouble
70%
ours
68%
ready for it
65%
Tim mcgraw
65%
back to december
62%
end game
62%
begin again
59%
I dont wanna live forever
57%
fifteen
43%
the story of us
41%
No matching quizzes found
Score Distribution
Percent of People with Each Score
Percentile by Number Answered
Your Score History
You have not taken this quiz